MDQL
is popping MORE tags! Check the
thread
!
Quizzes
Events
Quiz Creation
Community
Videos
Private Events
Remove Ads
Sign In
Join for FREE
Feedback
Dark Mode
Quiz Categories
Sports
Geography
Music
Movies
Television
Just For Fun
Miscellaneous
History
Literature
Language
Science
Gaming
Entertainment
Religion
Holiday
For Kids
Quiz Lab
Recent
Popular Today
Quiz Kudos Today
Editor Picks
Curator Picks
Quizzes by...
Day
Popularity
Type
Ratings
Length
Year
Community
Subscriptions
Recent Discussions
Orange Saloon
Badges
Playlists
Quests
Create
Leaderboards
Showdown
Live 5
Trivia Bingo
Activity
Puzzle Library
Sporcle Events
Private Events
Virtual Trivia
Globe League
Become a Host
Pub Owners
SporcleCon
Opinionation
Our Games
Videos
Blog
Mobile Apps
Partnerships
Remove Ads and Go Orange
Feedback
Music
Pop Music
The Beatles
Song
Album
Lyrics
Bands
Singers
Artist
Clip
Rock
Rap
Classical
Billboard
Country Music
Kpop
Taylor Swift
Music
Pop Music
The Beatles
Song
Album
Lyrics
Bands
Singers
Artist
Clip
Rock
Rap
Classical
Billboard
Country Music
Kpop
Taylor Swift
Random Quiz
Search Sporcle
×
Quiz Lab
Quiz Lab
Music
Lyrics
Type in answers that appear in a list
Type in answers that appear in a list
Classic
Best Score? Go Orange.
Victoria Wood: Count Your Blessings Lyrics Stats
Can you name the lyrics to the verses of Victoria Wood's 'Count Your Blessings'
By
Robokid
10m
281 Questions
27 Plays
27 Plays
27 Plays
Comments
Comments
Give Quiz Kudos
Give Quiz Kudos
-
- Ratings
hide this ad
More Info
Replay
Link that replays current quiz
Next Quiz
Link to next quiz in quiz playlist
You Got
0%
They Got
Avg Score
38%
Avg Friend Score
Upgrade to see
Score Distribution
Jump to the score distribution portion of the page
Score
0/281
Timer
10:00
0
Plays Today
Hint
% Correct
a
77.8%
a
77.8%
a
77.8%
and
77.8%
a
77.8%
I could be
a
77.8%
I could be
a
77.8%
and
77.8%
I could. I could be
a
77.8%
a
77.8%
the
77.8%
I could be
a
77.8%
the
77.8%
a
77.8%
a
77.8%
I could be
a
77.8%
and
77.8%
I could be
a
77.8%
a
77.8%
a
77.8%
and
77.8%
a
77.8%
a
77.8%
the
77.8%
a
77.8%
and
77.8%
and
77.8%
I could do
the
77.8%
I could. I could be
a
77.8%
Safeways
77.8%
a
77.8%
I could be
a
77.8%
and
77.8%
I could. I could be
a
77.8%
the
77.8%
I could be
a
77.8%
I could. I could be
an
74.1%
an
74.1%
I
70.4%
I
70.4%
I
70.4%
I
70.4%
I
70.4%
I
70.4%
be
70.4%
I could. I could be
I
70.4%
I
70.4%
be
70.4%
I
70.4%
could
66.7%
could
66.7%
could
66.7%
my
59.3%
it
59.3%
my
59.3%
have
55.6%
to
55.6%
[Chorus] could
have
55.6%
I could
have
55.6%
to
55.6%
have
55.6%
have
55.6%
to
55.6%
to
55.6%
to
55.6%
I'm
51.9%
I could be
on
51.9%
I could be
in
51.9%
on
51.9%
in
51.9%
I could be
on
51.9%
in
51.9%
I could be
in
51.9%
I could be
in
51.9%
in
51.9%
in
51.9%
in
51.9%
in
51.9%
do
48.1%
my
48.1%
with
48.1%
with
48.1%
with
48.1%
with
48.1%
My
48.1%
worse.
44.4%
of
44.4%
of
44.4%
of
44.4%
of
44.4%
up
44.4%
of
44.4%
[Intro]
when
40.7%
when
40.7%
Hint
% Correct
rhino
40.7%
when
40.7%
what
37%
this
37%
this
37%
by
37%
by
37%
by
37%
halitosis
37%
just
37%
out
37%
get
37%
out
37%
get
37%
sick
37%
feeling
33.3%
feel.
33.3%
things
33.3%
getting
33.3%
I could be
dead
33.3%
eight
33.3%
head
33.3%
lion
33.3%
getting
33.3%
eat
33.3%
dreadful
33.3%
not
33.3%
work
33.3%
Netherlands
33.3%
dutch
33.3%
getting
33.3%
death
33.3%
Way
33.3%
I could be
too
33.3%
I could be
too
33.3%
I could be
permanently
33.3%
like
33.3%
lousy
29.6%
lousy's
29.6%
give
29.6%
myself
29.6%
myself
29.6%
sing
29.6%
little
29.6%
number
29.6%
say
29.6%
lousy
29.6%
lino
29.6%
I could be
dying
29.6%
could be
six
29.6%
Christian
29.6%
being
29.6%
eaten
29.6%
little
29.6%
flattened
29.6%
iron
29.6%
who
29.6%
neurosis
29.6%
could be
awfully
29.6%
that
29.6%
taxidermist
29.6%
stuffing
29.6%
really
29.6%
diet
29.6%
Chocolate
29.6%
Cabin
29.6%
jumper
29.6%
little
29.6%
I could be
Frank
29.6%
Sinatra
29.6%
Selina
29.6%
Scott
29.6%
lecture
25.9%
deal.
25.9%
tra-la-la
25.9%
verse
25.9%
however
25.9%
safari
25.9%
trampled
25.9%
feet
25.9%
foot
25.9%
keep
25.9%
banging
25.9%
early
25.9%
panda
25.9%
bamboo
25.9%
yorkie
25.9%
I could have
split
25.9%
or
25.9%
similar
25.9%
outgoing
25.9%
bluffing
25.9%
run
25.9%
fire
25.9%
Hint
% Correct
that's
25.9%
look
25.9%
Thorntons
25.9%
ends
25.9%
about
25.9%
Kuala
25.9%
Lumpur
25.9%
I could get
caught
25.9%
hedgehog
25.9%
highway
25.9%
bare
22.2%
icy
22.2%
crumple
22.2%
I could have
mumps
22.2%
I could have
flu
22.2%
policeman
22.2%
walkie
22.2%
talkie
22.2%
lorry
22.2%
driver
22.2%
hates
22.2%
taste
22.2%
I could have
dry
22.2%
skin
22.2%
deep
22.2%
sea
22.2%
diver
22.2%
having
22.2%
trouble
22.2%
bends
22.2%
morbid
22.2%
fear
22.2%
mothballs
22.2%
poker
22.2%
know
22.2%
I could be
crass
22.2%
log
22.2%
wear
22.2%
drab
22.2%
hutch
22.2%
could be
stranded
22.2%
without
22.2%
word
22.2%
them
22.2%
I could have
famous
22.2%
bosoms
22.2%
them
22.2%
lifted
22.2%
I could get
locked
22.2%
I could be
locked
22.2%
Hokey
22.2%
all
22.2%
chicken
22.2%
lolly
22.2%
licked
22.2%
trying
22.2%
cross
22.2%
cold
22.2%
hot
22.2%
stood
18.5%
giant
18.5%
nervous
18.5%
faulty
18.5%
I could be
hit
18.5%
I could be
thumped
18.5%
sofa
18.5%
cushion
18.5%
gets
18.5%
regularly
18.5%
plumped
18.5%
I could. I could be
playing
18.5%
someone's
18.5%
who's
18.5%
I could be
dim
18.5%
gass
18.5%
sleeveless
18.5%
frocks
18.5%
particularly
18.5%
lodgers
18.5%
never
18.5%
shifted
18.5%
forced
18.5%
Cokey
18.5%
shake
18.5%
rubber
18.5%
drinking
18.5%
gin
18.5%
[Chorus] I could have
nasty
18.5%
cadge
14.8%
I could be
tricked
14.8%
knackerd
14.8%
planter
7.4%
I could be
duped
7.4%
Quiz Playlist
Details
Report
Send in Message
Add To Playlist
More Info:
The choruses are omitted, its just the starting monologue and all the verses.
Classic:
Type in answers that appear in a list
Last Updated: Feb 16, 2017
Quiz Scoreboard
CHALLENGE
Sign Up to Join the Scoreboard
Show All
Scores
Hide
Comments
May contain spoilers
Recently Published
Holiday 10x10 Sorting Gallery
by lukepisani3
Holiday
15m
Two Season TV Shows II
by 123Four
Television
10m
Image Sorting: Flags VI
by Barbecue
Geography
2m
More to Explore
Quiz From the Vault
Featured Blog Post
14 Easter Pick-up Lines to Find Eggs With
hide this ad
You Might Also Like...
Tags
Lyrics Quiz
bbc
Figure Out the Lyrics
Today's Top Quizzes in Music
Browse Music
hide this ad
Today's Top Quizzes in Lyrics
Browse Lyrics
Top Contributed Quizzes in Music
1
5X2 Blitz: Bands II
2
Taylor Swift All Songs (2024)
3
5X2 Blitz: The Beatles
4
5X2 Blitz: Billboard
5
Music Artist by Three 2010s hits
6
5X2 Blitz: Billboard II
7
5X2 Blitz: Album
8
5X2 Blitz: Rock
9
5X2 Blitz: Singers
10
5X2 Blitz: Lyrics
Explore More
Trending Topics
Marvel
Harry Potter
Kpop
Anime
Crossword
Disney
NBA
Song
Soccer
Country
The Office
NFL
Puzzle
Pokémon
WWE
hide this ad
More By:
Robokid
Quiz
Plays
Rating
Category
Featured
Created
Roald Dahl: First names
131
3.67
Literature
Jan 2, 2015
Victoria Wood: Count Your Blessings Lyrics
27
1.00
Music
Jan 6, 2015
Go to Creator's Profile
Score Distribution
Quiz Creator Spotlight
Robokid
Follow
Send a Message
Quizzes Created
-
Created Quiz Play Count
-
More By This Creator
Popular Quizzes Today
1
Find the US States - No Outlines Minefield
2
Colored Red Africa Blitz
3
Find the 'City' Movie
4
The Countries of the World
5
5x2 Blitz: Bands
6
Find the Countries of Europe - No Outlines Minefield
7
Find the US States
8
US States
More Music Quizzes
'ZZ' acts
Curator's Pick
Trending Quizzes
Colored Red Europe Blitz I
Colored Red Europe Blitz II
Colored Red Africa Blitz II
Even More Two Season TV Shows
Colored Red Africa Blitz III
Recently Updated
Odd Team Out - Big 4 Players
pecheneg
Quick Pick: 20 Twenties
pecheneg
March Madness Men's Triple Doubles
pecheneg
How Do You Spell That?
pecheneg
Godzilla Movies
pecheneg
Grab Bag: 4-10 Letters
pecheneg
2024 March Madness Bracket
pecheneg
Famous TV Couples
Peacemaker
Champions League XIs: Real Madrid
pecheneg
Largest US Cities 1790-2010
pecheneg
Trending Topics
Crossword
Anime
Kpop
Harry Potter
Marvel
Disney
NBA
Soccer
WWE
The Office
Pokémon
NFL
Song
Puzzle
Country
Your Account Isn't Verified!
In order to create a playlist on Sporcle, you need to verify the email address you used during registration. Go to your
Sporcle Settings
to finish the process.
Report this User
Report this user for behavior that violates our
Community Guidelines
.
Details:
Send Report
Go to the Sporcle.com Mobile Site →
Comments